00609 a2200169 4500952012400000999001500124020001400139050002000153100003200173245007000205264003600275300001200311500004100323650001900364700002900383942002700412 001040708NFICaLLbLLcGENd2021-06-18i18106l0oKTL920 INT 1984p0046570r2021-06-18 00:00:00tc.1w2021-06-18yBK c9466d9466 a409057800 aKTL920 INT 1984 aSwanepoel, J. P. A.eeditor aIntroduction to mercantile law /cJ. P. A. Swanepoel, et al ..... aDurban :bButterrworths,c1984. a174p. : aButterworths Professional Publishers aMercantile law aMakins, C. T.eco-author 2lcccBKh920iINTkKTL